00353cam a2200133 a 4500020001500000082001400015100002300029245001700052250001200069260002800081300007600109650001600185700001800201 a007240859600a658.4 BAT1 aBateman, Thomas S.10aManagement : a5th ed. aBoston :bIrwin,c2002. axxiii, 611, [65] p. :bcol. ill. ;e1 computer optical disc (4 3/4 in.) 0aManagement.1 aSnell, Scott,